Handbook of thermoluminescence

This work provides practical support for research, study, routine work and terminology in the field of thermoluminescence (TL). It discusses the methods of determining the kinetic parameters, the procedures for characterizing a thermoluminescent dosimetric system, and the definition of terms commonl...

Full beskrivning

Sparad:
Bibliografiska uppgifter
Huvudupphovsman: Furetta, Claudio
Materialtyp: Bok
Språk:Undetermined
Publicerad: River Edge, NJ. World Scientific Pub. 2003
Ämnen:
Taggar: Lägg till en tagg
Inga taggar, Lägg till första taggen!
Thư viện lưu trữ: Trung tâm Học liệu Trường Đại học Cần Thơ
LEADER 01020nam a2200205Ia 4500
001 CTU_209970
008 210402s9999 xx 000 0 und d
020 |c 135.79 
082 |a 535.356 
082 |b F983 
100 |a Furetta, Claudio 
245 0 |a Handbook of thermoluminescence 
245 0 |c Claudio Furetta 
260 |a River Edge, NJ. 
260 |b World Scientific Pub. 
260 |c 2003 
520 |a This work provides practical support for research, study, routine work and terminology in the field of thermoluminescence (TL). It discusses the methods of determining the kinetic parameters, the procedures for characterizing a thermoluminescent dosimetric system, and the definition of terms commonly used in the literature. Furthermore, the analytical treatments of the various TL models are fully developed. The arguments are given in alphabetical order to ease research. 
650 |a Quang nhiệt,Thermoluminescence 
904 |i Qhieu 
980 |a Trung tâm Học liệu Trường Đại học Cần Thơ